| 000 | 00359 a2200169 4500 | ||
|---|---|---|---|
| 001 | 191351 | ||
| 020 | _a978-85-16-06315-3 | ||
| 040 | _cMagnum | ||
| 100 | _aBandeira, Pedro | ||
| 240 | 1 | 0 |
_aO pequeno fantasma _lpor |
| 245 | 1 | 0 | _aO pequeno fantasma |
| 300 | _a48 | ||
| 362 | 0 | _a2009 | |
| 440 | 1 | _aModerna | |
| 697 | _aLITERATURA INFANTIL | ||
| 942 | _cBK | ||
| 999 |
_c191351 _d191351 |
||